000 00280nam a22001337a 4500
008 170315b xxu||||| |||| 00| 0 eng d
020 _a9780683021349
041 _aeng
080 _a611
100 _a7
101 _aSHM
245 _aPHYSIOLOGY
_cCOSTANZO.L.S
942 _2udc
_cBK
999 _c7851
_d7851